Teoría de la cultura.

Сохранить в:
Библиографические подробности
Главный автор: San Martín Sala, Javier (autor)
Формат:
Опубликовано: Madrid, España: Síntesis, 1999.
Серии:Filosofía Hermeneia,
Предметы:
Метки: Добавить метку
Нет меток, Требуется 1-ая метка записи!

MARC

LEADER 00000nam a22000007a 4500
003 CL-VaPUC
005 20250321101941.0
008 250203t1999 ||||| |||| 00| 0 eng d
999 |c 446996  |d 446994 
020 |a 84-7738-659-5 
040 |c Pontificia Universidad Católica de Valparaíso 
082 |a 306 SAN 1999 
100 |9 584303  |a San Martín Sala, Javier  |e autor 
245 |a Teoría de la cultura. 
260 |a Madrid, España:  |b Síntesis,   |c 1999. 
300 |a 317 páginas. 
490 |a Filosofía Hermeneia,  |n  7. 
500 |a c.1-c.2. Instituto Arcos.08-01-2025. 
583 |c 20250203  |k Gabriela Rodríguez Cuevas 
650 0 |9 893754  |a Cultura   |x Filosofía 
650 0 |9 256519  |a Fenomenología 
942 |2 ddc  |c BK  |n 0 
952 |0 0  |1 0  |2 ddc  |4 0  |6 306_000000000000000_SAN_1999  |7 0  |8 A  |9 600351  |a BIBINC  |b BIBINC  |d 2025-02-03  |e Instituto Arcos  |i 5665242  |o 306 SAN 1999  |p 5665242  |r 2025-02-03  |t 1  |w 2025-02-03  |y BK  |k IFP 
952 |0 0  |1 0  |2 ddc  |4 0  |6 306_000000000000000_SAN_1999  |7 0  |8 A  |9 600352  |a BIBINC  |b BIBINC  |d 2025-02-03  |e Instituto Arcos  |i 5665243  |o 306 SAN 1999  |p 5665243  |r 2025-02-03  |t 2  |w 2025-02-03  |y BK  |k IFP